Letras del abecedario x2 en 15 segundos! - Estadísticas

Estadísticas generales
  • Esta prueba ha sido intentada 2.197 veces
    2.196 desde el último reinicio
  • La puntuación promedio es 22 de 52
Estadísticas de respuestas
LETRA % Correcto
A
100%
B
93%
C
90%
D
89%
E
87%
F
86%
G
85%
H
84%
I
82%
J
82%
K
80%
L
78%
M
78%
N
77%
O
66%
P
64%
Q
61%
R
59%
S
58%
T
58%
U
55%
V
52%
W
49%
X
45%
Y
44%
Z
42%
A
32%
B
30%
C
28%
D
27%
E
26%
F
24%
G
22%
H
21%
I
19%
J
18%
K
16%
L
16%
M
15%
N
14%
O
12%
P
11%
Q
11%
R
10%
S
9%
T
8%
U
7%
V
7%
W
5%
X
4%
Y
4%
Z
3%
No se encontraron pruebas coincidentes
Distribución de puntuación
Porcentaje de gente con cada puntuación
Porcentaje por número respondido
Historial de tus puntuaciones
No has intentado esta prueba desde el último reinicio